000 01757caa a2200313 ib4500
003 SA-RiAUC
005 20251225132856.0
008 251224s1988 ua g o 000f0 ara c
040 _aSA-JeALM
_bara
_cSA-RiAUC
_erda
082 0 4 _a227.6
090 _a227.6
_bز ي ن
100 1 _aزينو، محمد بن جميل،
_d1925-
_eمؤلف.
245 1 0 _aتنبيهات هامة على كتاب "صفوة التفاسير" للشيخ محمد علي الصابوني.
_n-14-،
_pآدم ليس خليفة الله /
_cأعد هذه التنبيهات محمد بن جميل زينو ؛ أضاف إليها بعض الملاحظات صالح الفوزان.
246 3 0 _aآدم ليس خليفة الله
264 _aجدة، السعودية :
_bمكتبة الضياء،
_c1997
300 _a160صفحة؛
_c20 سم.
336 _aنص
_btxt
_2rdacontent
_3مقالة
337 _aبدون وسيط
_bn
_2rdamedia
338 _aمجلد
_bnc
_2rdacarrier
490 _aسلسلة التوجيهات
_v7
630 2 7 _aالقرآن
_xتفاسير حديثة
_vمراجعات الكتب
_vمقالات ومحاضرات
_2aucut
700 1 2 _aالصابوني، محمد علي،
_d1930-2021
_eمؤلف.
700 1 _aالفوزان، صالح بن فوزان بن عبد الله،
_d1354 هجري-
_eمؤلف.
730 2 2 _aالقرآن
740 0 2 _aصفوة التفاسير : تفسير للقرآن الكريم جامع بين المأثور والمعقول مستمد من أوثق كتب التفسير.
773 0 _tمجلة التوحيد / جماعة أنصار السنة المحمدية.
_w1448079
_gسنة 17، عدد 6 (جمادى الآخرة 1409 هجري [1988])
942 _2ddc
_cBOOK
_n0
949 _aSA-JeALM
_d251224
_umohamedma123
_n1
999 _c13706
_d13706